| 000 | 00415nam a2200169 i 4500 | ||
|---|---|---|---|
| 001 | bg | ||
| 100 | 1 | _aDĄBEK, Zbigniew | |
| 245 | 0 |
_aNumeryczne metody analizy wielkości tolerowanych / _cZbigniew Dąbek. |
|
| 260 |
_aBydgoszcz, _c1980. |
||
| 490 | 1 | _aRozprawy | |
| 830 | _aRozprawy | ||
| 040 | _cBPK | ||
| 041 | _apol | ||
| 080 | _a621.753:529.6 | ||
| 942 | _cKS | ||
| 008 | s pl f |000 0 pol | ||
| 999 |
_c19637 _d19637 |
||
| 856 |
_uhttp://koha.tu.koszalin.pl/cgi-bin/koha/opac-detail.pl?biblionumber=19637 _yKatalog online BPK |
||